Sanat - "Suomirokkia" - Aknestik - Statistics

Yleistilastot
  • Tätä visaa on pelattu 60 kertaa
  • Keskiarvotulos 76 / 142
Vastaustilastot
Vastaus % Oikein
Suomirokkia
95%
se
78%
ja
76%
Ja
76%
76%
sen
76%
Sen
76%
häivän
73%
muistan
73%
valon
71%
kirkkaan
68%
päivän
68%
kesä
66%
kesän
61%
Heinä
54%
kirkonkylällä
54%
lauloi
54%
tuoksui
54%
linnut
51%
Missä
51%
puut
51%
soittaa
51%
stereot
51%
haisi
49%
Lada
49%
me
49%
vaan
49%
ajaa
46%
on
46%
tunteella
46%
suurella
44%
kaikki
41%
kylän
41%
Mona
41%
raitilla
41%
seksiunelmia
41%
Carita
39%
muistetaan
39%
nyt
39%
Kaseva
37%
Noitalinna
37%
heinäpellolla
34%
iltapäivällä
34%
kaurapuurosta
34%
löytyi
34%
huraa
32%
kestää
32%
Kollaa
32%
rockradiosta
32%
Totuus
32%
tuplauunosta
32%
Niin
29%
niin
29%
Haukiputaalla
27%
lauletaan
27%
liikennevaloissa
27%
maitolaiturilla
27%
saunan
27%
takana
27%
vinttihuoneissa
27%
huoneessa
24%
Keba
24%
mun
24%
painiotteella
24%
sun
24%
kerrostaloissa
22%
vuoteessa
22%
Maaninka
20%
rokkifestarilla
20%
talossa
20%
Kaarlo
17%
c-kasetilla
15%
kasteessa
15%
kurkku
15%
suorana
15%
suvi-Suomessa
15%
aamun
12%
Esplanadilla
12%
kynttilän
12%
valossa
12%
meijän
5%
Ehtoja vastaavia visoja ei löytynyt
Tulosjakauma
Jokaisen tuloksen saaneiden osuus
Persentiili vastausten määrän mukaan
Tuloshistoriasi
Et ole pelannut tätä visaa